| 000 | 00639nam a2200205 4500 | ||
|---|---|---|---|
| 003 | OSt | ||
| 005 | 20240705051028.0 | ||
| 006 | a | ||
| 008 | 240705b |||||||| |||| 00| 0 eng d | ||
| 020 | _a0781784697 | ||
| 040 |
_aDWCL-Main lib. _cOC |
||
| 082 |
_2Eleventh edition _aCirc. 610.73 B791s 2008 |
||
| 100 | _aBoyer, Mary Jo | ||
| 245 | _aStudy guide to accompany Brunner & Suddarth’s textbook of medical-surgical nursing / | ||
| 260 |
_aPhiladelphia: _bLippincott Williams & Wilkins, _cc2008. |
||
| 300 |
_ax, _b435p.: ill.; _c26cm. |
||
| 650 | _a1. Nursing. | ||
| 650 | _a2. Surgical nursing. | ||
| 942 |
_2ddc _n0 _cBK-CIRC _kCirc. |
||
| 999 |
_c2012 _d2012 |
||